000 01086nam a2200277 4500
001 34978
003 BD-RjUL
005 20211209052236.0
008 140520s1955 ilu b 001 0 eng d
035 _a(BD-RjUL)35072
040 _aDLC
_cWSU
_dSER
_dUKM
_dZCH
_dBD-RjUL
_beng
041 _aeng
082 0 0 _a307.2
_bINT 1955
245 1 0 _aInterviewing in social research /
_cby Herbert H. Hyman with William J. Cobb [and others] Foreword by Samuel A. Stouffer.
260 _aChicago :
_bUniversity of Chicago Press,
_c1955.
300 _axvi, 415 p. ;
_c24 cm.
500 _a"A research project of the National Opinion Research Center."
504 _a"Bibliography for chapter VI": p. 371-373. "Previous NORC publications, interviewer effect series": p. 374-375. Bibliographical references includes in "Notes" (p. 377-407)
650 0 _aInterviewing.
_9106492
650 0 _aSocial sciences
_xResearch.
_9106493
700 1 _aHyman, Herbert Hiram,
_999648
710 2 _aNational Opinion Research Center.
_9106494
942 _2ddc
_cBK
999 _c34978
_d34978